| 000 | 00716nam a22001577a 4500 | ||
|---|---|---|---|
| 003 | OSt | ||
| 005 | 20150916094137.0 | ||
| 008 | 150916b xxu||||| |||| 00| 0 eng d | ||
| 040 | _cRUA | ||
| 082 | _aAGR YA 2003 B028 Or.1 | ||
| 100 |
_9564 _aYA, NARITH. |
||
| 245 | _aStudy on local development structures community based roral development project in kompong thom province ការសិក្សាអំពីរចនាសម្ព័ន្ធអភិវឌ្ឍន៍មូលដ្ឋាននៅក្នុងគំរោងអភិវឌ្ឍន៍សហគមន៍ជនបទ ខេត្ដកំពង់ធំ | ||
| 260 |
_aPhnom Penh _bRUA _c2003 |
||
| 300 |
_a48p. _bill. _c29cm. |
||
| 942 |
_2ddc _cAGR |
||
| 999 |
_c541 _d541 |
||